000 00475nam a2200169Ia 4500
005 20250923145845.0
008 008 250917s9999 xx 000 0 eng d
037 _aTextual
040 _aDSWL
_beng
_cDSWL
041 _aeng
_2eng
084 _aY:45n2,N53, N84
_qDSWL
245 0 _aCrime in India, 1984
260 _aNew Delhi
_b National Crime Records Bureau
_c1984
300 _aiv,133p.
942 _cTEXL
_hY:45n2,N53, N84
999 _c1456555
_d1456555